Lakon, drama dan pemikiran (Record no. 7266)

MARC details
000 -LEADER
fixed length control field 00658nam a2200241 i 4500
001 - CONTROL NUMBER
control field C2-0063077
003 - CONTROL NUMBER IDENTIFIER
control field PPAK
005 - DATE AND TIME OF LATEST TRANSACTION
control field 20190630222113.0
008 - FIXED-LENGTH DATA ELEMENTS--GENERAL INFORMATION
fixed length control field 970304s1991 my |||| ||||| | may d
020 ## - INTERNATIONAL STANDARD BOOK NUMBER
International Standard Book Number 9836220755
040 ## - CATALOGING SOURCE
Original cataloging agency PPAK
Language of cataloging eng
Transcribing agency PPAK
Description conventions rda
082 04 - DEWEY DECIMAL CLASSIFICATION NUMBER
Classification number 371.332
Edition number 23
090 00 - LOCALLY ASSIGNED LC-TYPE CALL NUMBER (OCLC); LOCAL CALL NUMBER (RLIN)
Classification number (OCLC) (R) ; Classification number, CALL (RLIN) (NR) 371.332
Feature heading COU
Feature heading G
100 1# - MAIN ENTRY--PERSONAL NAME
Personal name Courtney, Richard,
Relator term author
245 10 - TITLE STATEMENT
Title Lakon, drama dan pemikiran
264 #1 - PRODUCTION, PUBLICATION, DISTRIBUTION, MANUFACTURE, AND COPYRIGHT NOTICE
Place of production, publication, distribution, manufacture Kuala Lumpur :
Name of producer, publisher, distributor, manufacturer Dewan Bahasa dan Pustaka ,
Date of production, publication, distribution, manufacture, or copyright notice 1991
300 ## - PHYSICAL DESCRIPTION
Extent xxvii, 385 pages ;
Dimensions 21 cm
336 ## - CONTENT TYPE
Source rdacontent
Content type term text
337 ## - MEDIA TYPE
Source rdamedia
Media type term unmediated
338 ## - CARRIER TYPE
Source rdacarrier
Carrier type term volume
650 10 - SUBJECT ADDED ENTRY--TOPICAL TERM
Topical term or geographic name entry element Drama in education
942 ## - ADDED ENTRY ELEMENTS (KOHA)
-- dc
Koha item type Book
Holdings
Withdrawn Not for loan Current library Shelving location Date acquired Total Checkouts Full call number Barcode Date last seen Date last checked out Koha item type
    Perpustakaan Alor Setar Pinjaman Dewasa 16/07/1997 2 371.332 COU A00032460 18/01/2026 28/12/2025 Book
    Perpustakaan Jitra Pinjaman Dewasa 21/01/2004 1 371.332 COU A00839019 04/01/2022 19/12/2021 Book
    Perpustakaan Kulim Pinjaman Dewasa 16/08/2012   371.332 COU A00322352 08/05/2018   Book